الأفلاطونية المحدثة عند العرب : (Record no. 6756)
[ view plain ]
| 000 -الفاتح | |
|---|---|
| حقل البيانات ثابتة الطول | 01138nac a22002171u 4500 |
| 008 - عناصر البيانات ثابتة الطول - معلومات عامة | |
| حقل البيانات ثابتة الطول | 100718s1977 ku|||||r|||| 000 0 ara d |
| 082 ## - رقم تصنيف ديوى العشرى | |
| رقم المادة | ب د و |
| رقم التصنيف | 184 |
| 100 ## - المدخل الرئيسى - إسم شخصى | |
| الإسم الشخصى | بدوي،عبد الرحمن |
| 9 (RLIN) | 16353 |
| 245 ## - بيان العنوان | |
| العنوان | الأفلاطونية المحدثة عند العرب : |
| بقية العنوان | ابرقلس : "الخير المحض " , "في قدم العالم " , "في المسائل الطبيعية " هرمس : معادلةالنفس أفلاطون : الروابيع / |
| بيان المسئوليه,etc | ابرقلس ؛هرمس ؛أفلاطون ؛حققها وقدم لها عبد الرحمن بدوي |
| 250 ## - بيان الطبعة | |
| بيان الطبعة | ط2 |
| 260 ## - PUBLICATION, DISTRIBUTION, ETC. (IMPRINT) | |
| مكان الناشر او الموزع | الكويت : |
| اسم الناشر او الموزع | وكالة المطبوعات,1977 |
| تاريخ النشر أو التوزيع | 1977. |
| 300 ## - الوصف المادى | |
| التعداد | 272 ص؛ |
| أبعاد الوعاء | 24 سم. |
| 511 ## - | |
| -- | Catalogued by: Sara |
| 541 ## - تبصرة المصدر المباشر للتزويد | |
| مصدر التزويد | الف باء؛ |
| طريقة التزويد | شراء؛ |
| 650 ## - المدخل الاضافى بالموضوع-مصطلح موضوعى | |
| مصطلح موضوعي أو اسم جغرافي كعنصر مدخل | الأفلاطونية الحديثة |
| 9 (RLIN) | 16504 |
| 700 ## - المدخل الاضافى - اسم شخصى | |
| الإسم الشخصى | بدوي،عبد الرحمن |
| 9 (RLIN) | 16353 |
| 700 ## - المدخل الاضافى - اسم شخصى | |
| الإسم الشخصى | Aflaton |
| 9 (RLIN) | 16355 |
| 700 ## - المدخل الاضافى - اسم شخصى | |
| الإسم الشخصى | Harmas |
| 9 (RLIN) | 16356 |
| 942 ## - عناصر المدخل الإضافي( كوها) | |
| Koha [default] item type | Book - Borrowing |
| سابقة رقم الطلب | 184ب د و |
| مصدر التصنيف او مخطط الترفيف | Dewey Decimal Classification |
| حالة التراجع | حالة الفقد | مصدر التصنيف او خطة الترفيف | حالة تلف | ليس للاعارة | مجموعات كوها | المكان الدائم | المكان الحالي | موقع الترفيف | تاريخ الاكتساب | Source of acquisition | رقم الاستدعاء | الباركود | Date last seen | نوع الوعاء |
|---|---|---|---|---|---|---|---|---|---|---|---|---|---|---|
| Dewey Decimal Classification | Alef-Baa | Central Library | Central Library | Lower Floor | 22/02/2011 | 184 ب د و | 000008414 | 15/07/2025 | Book - Borrowing |